00569nam a2200181Ia 4500008004100000040001900041041001200060082002700072100002300099245010600122250001200228260003700240300002400277504001900301650002500320700002200345850002000367131103s9999 xx 000 0 und d aLoreto College aEnglish a372.4/HEIbLCBED/13614 aHeilman, Arthur W. aPrinciples and practices of teaching readingcArthur W.Heilman; Timothy R.Blair and William H. Rapley a8th.ed. aLondonbCharles E. merrillc1961 aviii,522p. c 24cm. aIncludes index aElementary education aBlair, Timothy R. aLCBED/372.4/HEI